Statistiche per Fermate della Tranvia Bergamo-Albino

Clicka qui per fare il quiz!

Statistiche generali

  • Questo quiz è stato fatto 15 volte
  • Il punteggio medio è 13 su 16

Statistiche sulle risposte

Risposta% Corretto
Albino
100%
Alzano centro
93%
Bergamo Borgo Palazzo
93%
Nembro centro
93%
Pradalunga
93%
Ranica
93%
Bergamo Negrisoli
86%
Torre Boldone
86%
Alzano sopra
79%
Bergamo Martinella
79%
Bergamo Redona
79%
Nembro Saletti
79%
Bergamo FS
71%
Nembro Camozzi
71%
Bergamo San Fermo
64%
Bergamo Bianzana
50%

Distribuzione punteggi

Percentile per numero di risposta

Percentuale di utenti per punteggio

I tuoi punteggi nel tempo

Non hai fatto questo quiz